00553nam a2200181Ia 4500008004100000082001600041100002600057245004400083250000600127260003300133300002000166500002400186650001500210700002600225942000700251952009600258999001700354230524s9999 xx 000 0 und d a621.43bDOM aV.M.Domkundwar942001 2aA course in Internal Combustion Engines a4 aNew DelhibDhanpat raic2013 a"XXIII,A-A38p;" aQuantity Number: 1 aElectrical aA.V.Domkundwar942002 cBK 00104070aTATCLbTATCLcGENd2023-05-24l0o621.43 DOMp53856r2023-05-24w2023-05-24yBK c56415d56415